000 00862nam a22002297a 4500
999 _c5131
_d5131
003 AR-CdUCM
008 190312b ||||| |||| 00| 0 spa d
040 _aMUNICIPALIDAD PROVINCIAL DEL CUSCO
_cBIBLIOTECA MUNICIPAL DEL CUSCO
082 _a869.634 /
_bR78
100 _aRojas, Ángel F.
_915598
245 _aLa novela ecuatoriana /
260 _aGuayaquil :
_bPublicaciones Educativas "Ariel",
300 _a232 páginas ;
_c17.5 cm.
500 _aDonación de la familia Nieto.
505 _aContenido: 1830 - 1895: la época, la obra -- !895-1925: la época, la obra -- 1925-1945: la época, la obra ...
650 _aNarrativa - Ecuador
_915599
650 _aNovelas ecuatorianas - Siglo XIX-XX
_915600
650 _aAutores ecuatorianos
_915601
700 _aRodriguez Castelo, Hernan (Prólogo)
_915602
942 _2ddc
_cLIBROS
945 _alccs